000 00659nam a2200205Ia 4500
005 20260121110023.0
008 008 260114s9999 xx 000 0 hin d
020 _a9788132359241
037 _aEBOOK
040 _aCRL
_bhin
_cCRL
041 _ahin
_2hin
084 _qCRL
100 _aदिनेश कुमार / Dinesh Kumar
_9941055
245 0 _aजन्तु जगत का वर्गीकरण / Jantu Jagat ka Vargikaran
260 _bभाषा प्रकाशन / Bhasha Prakashan
_c2021
856 _uhttps://bhashaprakashan.com/product-details/382483
942 _cEBOOK
999 _c1532720
_d1532720